[Event "Montreal Pere Noel op"]
[Site "Montreal"]
[Date "2022.12.30"]
[Round "5"]
[White "Navarro, Pavel E"]
[Black "Kot, Emanuel"]
[Result "0-1"]
[WhiteElo "2152"]
[BlackElo "1955"]
[PlyCount "126"]
[EventDate "2022.12.27"]
[EventType "swiss"]
[EventRounds "5"]
[EventCountry "CAN"]
[SourceTitle "CBM 211 Extra"]
[Source "ChessBase"]
[SourceDate "2023.01.31"]
[SourceVersion "1"]
[SourceVersionDate "2023.01.31"]
[SourceQuality "1"]

1. c4 e6 2. g3 Nf6 3. Bg2 d5 4. cxd5 exd5 5. Nf3 Be7 6. 0-0 0-0 7. d3 c5 8. h3 Nc6 9. Nbd2 d4 10. Nc4 Be6 11. a4 Nd5 12. Bd2 f5 13. Qc1 h6 14. Nfe5 Nxe5 15. Nxe5 Bd6 16. Ng6 Re8 17. Nf4 Nxf4 18. Bxf4 Re7 19. h4 a5 20. Bf3 Qc7 21. Qd2 Bxf4 22. Qxf4 Qxf4 23. gxf4 Rd8 24. Rfc1 b6 25. Kg2 g6 26. Kg3 Kg7 27. Rd1 Kf6 28. Rh1 Bf7 29. Rag1 Rg8 30. Re1 Rd8 31. Reg1 Be8 32. Ra1 Rc7 33. Ra3 Bf7 34. Rc1 Re7 35. Rh1 Rde8 36. Raa1 Re6 37. Rac1 Ke7 38. Ra1 Kd6 39. Rhc1 R6e7 40. Rd1 Be6 41. Rg1 Bd7 42. Rgc1 Rg8 43. Rh1 g5 44. hxg5 hxg5 45. fxg5 Ke6 46. Kg2 Rxg5+ 47. Kf1 Reg7 48. Ra3 f4 49. Ke1 Rg1+ 50. Rxg1 Rxg1+ 51. Kd2 Rf1 52. Kc2 Kd6 53. Kd2 Bh3 54. Rb3 Kc7 55. Ra3 Rxf2 56. Ra1 Rf1 57. Rxf1 Bxf1 58. Kc2 Bh3 59. b3 Kd6 60. Bh5 Be6 61. Bf3 Ke5 62. Bh5 Kf6 63. Bf3 Kg5 0-1